100 Biggest Cities in Asia - Statistics

General Stats
  • This quiz has been taken 40 times
  • The average score is 67 of 100
Answers on the Map
Answers color-coded by a green-red scale on the quiz's map according to % correct below.
 
Answer Stats
City Country Population (millions) % Correct
Bangkok Thailand 11.54
100%
Delhi India 35.52
100%
Dubai United Arab Emirates 3.14
100%
Istanbul Turkey 16.42
100%
Kuala Lumpur Malaysia 9.18
100%
Mumbai India 22.54
100%
Pyongyang North Korea 3.24
100%
Seoul South Korea 10.05
100%
Shanghai China 31.05
100%
Tehran Iran 9.84
100%
Tokyo Japan 36.95
100%
Ankara Turkey 5.62
97%
Baghdad Iraq 8.37
97%
Beijing China 22.98
97%
Dhaka Bangladesh 25.36
97%
Ho Chi Minh City Vietnam 10.07
97%
Kabul Afghanistan 5.03
97%
Manila Philippines 15.53
97%
Osaka Japan 18.87
97%
Riyadh Saudi Arabia 8.08
97%
Singapore Singapore 6.20
97%
Guangzhou China 15.15
94%
Hanoi Vietnam 5.76
94%
Jakarta Indonesia 11.84
94%
Kuwait City Kuwait 3.45
94%
Sanaa Yemen 3.65
94%
Tel Aviv Israel 4.64
94%
Hong Kong Hong Kong 7.81
91%
Karachi Pakistan 18.52
91%
Busan South Korea 3.49
88%
Chennai India 12.62
85%
Kolkata India 16.15
85%
Wuhan China 9.12
85%
Izmir Turkey 3.18
82%
Lahore Pakistan 15.24
82%
Urumqi China 5.24
82%
Bangalore India 14.77
79%
Chengdu China 10.16
79%
Harbin China 5.88
79%
Nagoya Japan 9.51
79%
Shenzhen China 13.77
79%
Ahmedabad India 9.27
76%
Chongqing China 18.53
76%
Tianjin China 14.93
76%
Xi'an China 6.50
76%
Chittagong Bangladesh 5.80
74%
Hyderabad India 11.61
74%
Jaipur India 4.51
74%
Yokohama Japan 3.57
74%
Nanjing China 10.38
71%
Surabaya Indonesia 3.19
71%
Xiamen China 4.15
71%
Yangon Myanmar 5.92
71%
Qingdao China 6.33
68%
Shenyang China 8.11
68%
Kunming China 5.04
65%
Mashhad Iran 3.50
65%
Pune India 7.71
65%
Changsha China 5.22
62%
Faisalabad Pakistan 3.99
62%
Fukuoka Japan 5.45
62%
Lucknow India 4.23
62%
Hangzhou China 8.75
59%
Nagpur India 3.24
59%
Surat India 8.82
59%
Kanpur India 3.41
56%
Zhengzhou China 6.28
56%
Ningbo China 4.87
53%
Dalian China 6.47
50%
Shijiazhuang China 4.61
50%
Hefei China 4.92
47%
Indore India 3.57
47%
Jinan China 4.34
47%
Lanzhou China 3.49
47%
Changchun China 4.98
44%
Nanning China 4.47
44%
Wenzhou China 4.17
44%
Shantou China 4.82
41%
Suzhou China 8.80
41%
Taiyuan China 3.43
41%
Coimbatore India 3.23
38%
Guiyang China 3.81
38%
Nanchang China 4.18
38%
Dongguan China 7.88
35%
Foshan China 7.93
35%
Wuxi China 3.62
35%
Weifang China 3.13
26%
Yantai China 2.96
26%
Tangshan China 3.37
24%
Thiruvananthapuram India 3.16
24%
Bekasi Indonesia 4.02
21%
Changzhou China 4.27
21%
Depok Indonesia 3.30
21%
Huizhou China 2.95
21%
Kozhikode India 4.52
21%
Shaoxing China 3.01
21%
Tai'an China 5.50
18%
Zhongshan China 3.14
18%
Handan China 3.22
15%
Malappuram India 4.49
9%
No matching quizzes found
Score Distribution
Percent of People with Each Score
Percentile by Number Answered
Your Score History
You have not taken this quiz